000 00701nam a2200289Ia 4500
005 20260324132406.0
008 008 260324s9999 xx 000 0 eng d
020 _a9780203316627
037 _aEBOOK
040 _aCRL
040 _beng
040 _cCRL
041 _2eng
041 _aeng
084 _qCRL
100 _aGordon Mathews; Bruce White
_91189108
245 0 _aJapan's Changing Generations
245 0 _bAre Young People Creating a New Society?
260 _bTaylor and Francis
260 _c2004
365 _a
365 _b300
856 _uhttp://www.taylorfrancis.com/books/9780203316627
942 _cEBOOK
999 _c1787182
_d1787182